Julio Verne : (Registro nro. 8676)

Detalles MARC
000 -LIDER
fixed length control field 00861nam a22002897a 4500
001 - NÚMERO DE CONTROL
Identificador de número de control 3574
003 - IDENTIFICACDOR DE NÚMERO DE CONTROL
control field DO-SdBPM
005 - DATE AND TIME OF LATEST TRANSACTION
control field 20250108075849.0
007 - CAMPOS FIJOS DE DESCRIPCIÓN FÍSICA
fixed length control field 3574
008 - ELEMENTOS DE LONGITUD FIJA
fixed length control field 900123s1987 sp spa
020 ## - ISBN
International Standard Book Number 8440200439 (v. 2)
040 ## - FUENTE DE CATALOGACIÓN
Agencia que crea de manera original el registro DO-SdBPM
Idioma de catalogación spa
Agencia que realiza la transcripción BPMSU
082 #4 - NÚMERO DE CLASIFICACIÓN DECIMAL DE DEWEY
Classification number 843.8
Item number V531J 1987
Edition number 22
092 ## - LOCALLY ASSIGNED DEWEY DECIMAL CALL NUMBER
Número de clasificación 843.8
Número de ítem (Cutter) V531ca
100 1# - ASIENTO PRINCIPAL -- NOMBRE PERSONAL
Nombre personal Verne, Julio
Fechas asociadas con el nombre 1828-1905
240 13 - TITULO UNIFORME
Título uniforme La maison à vapeur
Idioma de una obra Español
245 10 - MENCIÓN DE TITULO
Título Julio Verne :
Subtítulo La casa de vapor /
Mención de responsabilidad Julio Verne ; traducción E.M.A.
260 ## - PUBLICACIÓN, DISTRIBUCIÓN, ETC. (PIE DE IMPRENTA)
Lugar de publicación, distribución, etc Barcelona:
Nombre del editor, distribuidor, etc. Ediciones Orbis,
Fecha de publicación, distribución, etc 1987
300 ## - DESCRIPCIÓN FÍSICA
Extensión v. :
Otros detalles físicos il. ;
Dimensiones 20 cm.
490 0# - MENCIÓN DE SERIES
Mención de serie Julio Verne,
Volume/sequential designation 48
590 ## - NOTA LOCAL
Texto de la nota local Inventariado, 2025/VM
650 #4 - ENCABEZAMIENTO DE MATERIA--TEMÁTICO
Término temático o nombre geográfico como elemento de entrada Novela juvenil francesa
650 #4 - ENCABEZAMIENTO DE MATERIA--TEMÁTICO
Término temático o nombre geográfico como elemento de entrada Literatura juvenil francesa
Subdivisión cronológica Siglo XIX
700 1# - ASIENTO SECUNDARIO -- NOMBRE PERSONAL
Nombre personal E. M.A.
Títulos u otras palabras asociadas con el nombre traductor
910 ## - VALIDACIÓN
Validación VMateo V. Control de calidad. BPMSU
942 ## - ADDED ENTRY ELEMENTS (KOHA)
Source of classification or shelving scheme Dewey Decimal Classification
Koha item type Libros
Existencias
Withdrawn status Lost status Source of classification or shelving scheme Damaged status Not for loan Collection code Home library Current library Date acquired Source of acquisition Total Checkouts Full call number Barcode Date last seen Copy number Price effective from Koha item type
    Dewey Decimal Classification     Colección Juvenil General Biblioteca Pública Metropolitana Salomé Ureña Biblioteca Pública Metropolitana Salomé Ureña 11/12/2015 FUNDI   BPMSU CJG 843.8 V531J 1987 BPMSU15110226 11/12/2015 v.49 11/12/2015 Libros